Монт-Ориоль: Роман

Библиографические подробности
Главный автор: Мопассан Г. де Ги де
Другие авторы: Немчинова Н. (переводчик)
Примечания:Исключено из фонда НТБ ТПУ
Язык:русский
Опубликовано: Москва, Художественная литература, 1990
Формат: Книга
Запись в KOHA:https://koha.lib.tpu.ru/cgi-bin/koha/opac-detail.pl?biblionumber=128069

MARC

LEADER 00000nam0a2200000 4500
001 128069
005 20231101220108.0
010 |a 5280017825 
020 |a RU  |b 90-58044 
035 |a (RuTPU)RU\TPU\book\138523 
090 |a 128069 
100 |a 20071224d1990 m y0rusy5003 ca 
101 1 |a rus  |c fre 
102 |a RU 
105 |a y z 000ay 
200 1 |a Монт-Ориоль  |e Роман  |f Г. де Мопассан  |g пер. с фр. Н. Немчинова 
210 |a Москва  |c Художественная литература  |d 1990 
215 |a 238,[2] с.  |d 20 см 
333 |a Исключено из фонда НТБ ТПУ 
700 1 |a Мопассан  |b Г. де  |c французский писатель  |f 1850-1893  |g Ги де  |9 5543 
702 1 |a Немчинова  |b Н.  |4 730 
801 0 |a RU  |b RuMRKP  |c 19950417  |g psbo 
801 1 |a RU  |b 63413507  |c 20071224  |g PSBO 
801 2 |a RU  |b 63413507  |c 20210111  |g PSBO 
942 |c BK